Paris 2024 Olympics Athletics/Track and Field part 5: Men's 1500m - Statistics

General Stats
  • This quiz has been taken 21 times
  • The average score is 27 of 108
Answer Stats
Event Result Athlete Nationality % Correct
Men's 1500m Final 3:27,65 (OR) Cole Hocker Usa
95%
Men's 1500m Semi-Final 3:32.54 Cole Hocker Usa
95%
Men's 1500m Round 1 3:35,27 Cole Hocker Usa
95%
Men's 1500m Final 3:27,79 (NR) Josh Kerr Uk
95%
Men's 1500m Semi-Final 3:32,46 Josh Kerr Uk
95%
Men's 1500m Round 1 3:35,83 Josh Kerr Uk
95%
Men's 1500m Final 3:28,24 Jakob Ingebrigtsen Norway
75%
Men's 1500m Semi-Final 3:32,38 Jakob Ingebrigtsen Norway
75%
Men's 1500m Round 1 3:37,04 Jakob Ingebrigtsen Norway
75%
Men's 1500m Semi-Final 3:31,72 Yared Nuguse Usa
75%
Men's 1500m Round 1 3:36,56 Yared Nuguse Usa
75%
Men's 1500m Final 3:29,54 (NR) Niels Laros Netherlands
65%
Men's 1500m Semi-Final 3:32,22 (SB) Niels Laros Netherlands
65%
Men's 1500m Round 1 3:35,38 Niels Laros Netherlands
65%
Men's 1500m Final 3:29,45 (PB) Hobbs Kessler Usa
60%
Men's 1500m Semi-Final 3:31,97 Hobbs Kessler Usa
60%
Men's 1500m Round 1 3:36,87 Hobbs Kessler Usa
60%
Men's 1500m Final 3:30,46 (SB) Narve Gilje Nordas Norway
55%
Men's 1500m Semi-Final 3:32,34 Narve Gilje Nordas Norway
55%
Men's 1500m Round 1 3:36,41 Narve Gilje Nordas Norway
55%
Men's 1500m Final 3:31,35 Timothy Cheruiyot Kenya
45%
Men's 1500m Semi-Final 3:32,30 Timothy Cheruiyot Kenya
45%
Men's 1500m Round 1 3:35,39 Timothy Cheruiyot Kenya
45%
Men's 1500m Semi-Final 3:37,12 George Mills Uk
40%
Men's 1500m Repechage Round 3:33,56 George Mills Uk
40%
Men's 1500m Round 1 3:35,99 George Mills Uk
40%
Men's 1500m Semi-Final 3:35,32 Reynold Cheruiyot Kenya
40%
Men's 1500m Round 1 3:37,12 Reynold Cheruiyot Kenya
40%
Men's 1500m Repechage Round 3:34,00 Oliver Hoare Australia
30%
Men's 1500m Round 1 3:39,11 Oliver Hoare Australia
30%
Men's 1500m Repechage Round 3:37,01 Mario Garcia Spain
25%
Men's 1500m Round 1 3:37,90 Mario Garcia Spain
25%
Men's 1500m Semi-Final 3:33,35 Robert Farken Germany
25%
Men's 1500m Round 1 3:36,62 Robert Farken Germany
25%
Men's 1500m Semi-Final 3:34,75 Isaac Nader Portugal
20%
Men's 1500m Round 1 3:35,44 Isaac Nader Portugal
20%
Men's 1500m Repechage Round 3:36,14 Jochem Vermeulen Belgium
20%
Men's 1500m Round 1 3:36,66 Jochem Vermeulen Belgium
20%
Men's 1500m Final 3:30,88 Neil Gourley Uk
20%
Men's 1500m Semi-Final 3:32,11 Neil Gourley Uk
20%
Men's 1500m Round 1 3:37,118 Neil Gourley Uk
20%
Men's 1500m Final 3:30,74 (NR) Pietro Arese Italy
20%
Men's 1500m Semi-Final 3:33,03 Pietro Arese Italy
20%
Men's 1500m Round 1 3:35,30 Pietro Arese Italy
20%
Men's 1500m Semi-Final 3:35,26 Federico Riva Italy
15%
Men's 1500m Repechage Round 3:32,84 (PB) Federico Riva Italy
15%
Men's 1500m Round 1 3:41,78 Federico Riva Italy
15%
Men's 1500m Repechage Round 3:37,49 Stewart McSweyn Australia
15%
Men's 1500m Round 1 3:36,55 Stewart McSweyn Australia
15%
Men's 1500m Semi-Final 3:34,35 Azeddine Habz France
10%
Men's 1500m Repechage Round 3:35,10 Azeddine Habz France
10%
Men's 1500m Round 1 3:37,95 Azeddine Habz France
10%
Men's 1500m Final 3:35,59 Brian Komen Kenya
10%
Men's 1500m Semi-Final 3:32,57 Brian Komen Kenya
10%
Men's 1500m Round 1 3:36,31 Brian Komen Kenya
10%
Men's 1500m Repechage Round 3:34,53 Filip Rak Poland
10%
Men's 1500m Round 1 3:38,12 Filip Rak Poland
10%
Men's 1500m Repechage Round 3:35,76 Kieran Lumb Canada
10%
Men's 1500m Round 1 3:38,11 Kieran Lumb Canada
10%
Men's 1500m Repechage Round 3:36,79 Maciej Wyderka Poland
10%
Men's 1500m Round 1 3:38,79 Maciej Wyderka Poland
10%
Men's 1500m Repechage Round 3:39,32 Raphael Pallitsch Austria
10%
Men's 1500m Repechage Round 3:36,06 Ruben Verheyden Belgium
10%
Men's 1500m Round 1 3:36,62 Ruben Verheyden Belgium
10%
Men's 1500m Repechage Round 3:36,64 Ryan Mphahlele South Africa
10%
Men's 1500m Round 1 3:38,48 Ryan Mphahlele South Africa
10%
Men's 1500m Repechage Round 3:33,58 (PB) Samuel Pihlstrom Sweden
10%
Men's 1500m Round 1 3:36,80 Samuel Pihlstrom Sweden
10%
Men's 1500m Final 3:30,75 (PB) Stefan Nillessen Netherlands
10%
Men's 1500m Semi-Final 3:32,73 (PB) Stefan Nillessen Netherlands
10%
Men's 1500m Round 1 3:36,77 Stefan Nillessen Netherlands
10%
Men's 1500m Final 3:27,80 (PB) Yared Neguse Usa
10%
Men's 1500m Repechage Round 3:36,82 Abdisa Fayisa Ethiopia
5%
Men's 1500m Round 1 3:39,67 Abdisa Fayisa Ethiopia
5%
Men's 1500m Repechage Round 3:34,45 (SB) Adam Spencer Australia
5%
Men's 1500m Round 1 3:37,68 Adam Spencer Australia
5%
Men's 1500m Repechage Round 3:42,79 Adel Mechaal Spain
5%
Men's 1500m Round 1 3:35,81 Adel Mechaal Spain
5%
Men's 1500m Semi-Final 3:32,49 (PB) Anass Essayi Morocco
5%
Men's 1500m Round 1 3:36,44 Anass Essayi Morocco
5%
Men's 1500m Round 1 3:42,07 Andrew Coscoran Ireland
5%
Men's 1500m Semi-Final 3:33,15 (PB) Cathal Doyle Ireland
5%
Men's 1500m Repechage Round 3:34,92 Cathal Doyle Ireland
5%
Men's 1500m Round 1 3:37,82 Cathal Doyle Ireland
5%
Men's 1500m Semi-Final 3:33,29 (SB) Charles Philibert-Thiboutot Canada
5%
Men's 1500m Repechage Round 3:33,53 (SB) Charles Philibert-Thiboutot Canada
5%
Men's 1500m Round 1 3:36,92 Charles Philibert-Thiboutot Canada
5%
Men's 1500m Repechage Round 3:39,45 Andrew Coscoran Ireland
5%
Men's 1500m Semi-Final 3:40,27 Ermias Girma Ethiopia
5%
Men's 1500m Round 1 3:35,21 Ermias Girma Ethiopia
5%
Men's 1500m Repechage Round 3:35,04 Ignacio Fontes Spain
5%
Men's 1500m Round 1 3:37,50 Ignacio Fontes Spain
5%
Men's 1500m Repechage Round 3:36,50 Luke McCann Ireland
5%
Men's 1500m Round 1 3:35,73 Luke McCann Ireland
5%
Men's 1500m Repechage Round 3:35,42 Mael Gouyette France
5%
Men's 1500m Round 1 3:37,87 Mael Gouyette France
5%
Men's 1500m Repechage Round 3:36,54 Marius Probst Germany
5%
Men's 1500m Round 1 3:35,65 Marius Probst Germany
5%
Men's 1500m Semi-Final 3:32,77 (PB) Ossama Meslek Italy
5%
Men's 1500m Repechage Round 3:35,32 Ossama Meslek Italy
5%
Men's 1500m Round 1 3:39,96 Ossama Meslek Italy
5%
Men's 1500m Round 1 3:38,20 Raphael Pollitsch Austria
5%
Men's 1500m Repechage Round 3:40,71 Samuel Tanner New Zealand
5%
Men's 1500m Round 1 3:39,87 Samuel Tanner New Zealand
5%
Men's 1500m Round 1 3:37,34 Samuel Tefera Ethiopia
5%
Men's 1500m Semi-Final 3:33,02 Samuel Terefa Ethiopia
5%
Men's 1500m Repechage Round 3:35,35 Tshepo Tshite South Africa
5%
Men's 1500m Round 1 3:36,87 Tshepo Tshite South Africa
5%
No matching quizzes found
Score Distribution
Percent of People with Each Score
Percentile by Number Answered
Your Score History
You have not taken this quiz